000 00600nam a2200253Ia 4500
005 20260121161124.0
008 008 260114s9999 xx 000 0 eng d
020 _a9781315622491
037 _aEBOOK
040 _aCRL
040 _beng
040 _cCRL
041 _2eng
041 _aeng
084 _qCRL
100 _a Walter Laqueur
_91040464
245 4 _aThe Struggle for the Middle East
260 _bTaylor and Francis
260 _c1969
856 _uhttp://www.taylorfrancis.com/books/9781315622491
942 _cEBOOK
999 _c1607280
_d1607280